000 00690nam a22002297a 4500
005 20250409145715.0
008 250408b |||||||| |||| 00| 0 eng d
020 _a978-1639876631 (pbk)
037 _cTB
040 _aCRL
_cCRL
041 _2eng
_aeng
084 _aS6 R3
_qCRL
100 _aStafford, Vanessa
_9751953
245 _aAbnormal psychology
260 _aNew York, USA:
_bMurphy & Moore,
_c2021.
300 _aviii, 240p.
365 _b79.90
_cUSD
650 _aAnormal Psychology
_9751954
650 _aPsychology
942 _2CC
_cTB
_hS6 R3
_n0
999 _c1308556
_d1308556